| 000 | 01145nam a22002537a 4500 | ||
|---|---|---|---|
| 005 | 20240530110340.0 | ||
| 008 | 141030s2011 le o gr 001 0dara d | ||
| 020 | _a9789953823898 | ||
| 040 | _aEG-CaGPL | ||
| 082 | 0 | 4 |
_221 _a956.903\ _bس ف |
| 100 | 0 | _aسرى المقدسى | |
| 245 | 1 | 0 |
_aفلسطين الوجه المعكوس : _bاحتلال يومى / _cسرى المقدسى ؛ ترجمة امين الايوبى |
| 260 |
_aبيروت : _bمركز دراسات الوحدة العربية ، _c2011 |
||
| 300 |
_a432 ص : _bايض ؛ _c24 سم |
||
| 490 | _aوقفية عبدالمحسن القطان للقضية الفلسطينية | ||
| 650 | 0 | 4 | _aالقضية الفلسطينية |
| 651 | 0 | 4 |
_aفلسطين _xالوضع الدولى |
| 651 | 0 | 4 | _aفلسطين المحتلة ( 1948 ) |
| 651 | 0 | 4 |
_aفلسطين _xتاريخ _xالاحتلال الصهيونى _yالعصر الحديث |
| 651 | 0 | 4 |
_aاسرائيل _xتاريخ _xالنزاع العربى الاسرائيلى |
| 700 |
_aامين الايوبى _eمترجم |
||
| 942 |
_2ddc _cBK |
||
| 999 |
_c59856 _d59856 |
||